MARC

LEADER 00000nam0a2200000 4500
001 112536
005 20231101215052.0
035 |a (RuTPU)RU\TPU\book\121680 
090 |a 112536 
100 |a 20070329d1983 k y0rusy50 ca 
101 0 |a rus 
102 |a RU 
105 |a y b 000zy 
200 1 |a Химические реактивы и высокочистые химические вещества  |e каталог  |f Б. Б. Ливенсон [и др.]  |g Союзреактив 
205 |a 2-е изд., доп. и перераб. 
210 |a Москва  |c Химия  |d 1983 
215 |a 704 с. 
606 1 |a Химические вещества, особо чистые  |2 stltpush  |3 (RuTPU)RU\TPU\subj\70571  |9 84790 
606 1 |a Химические реактивы  |2 stltpush  |3 (RuTPU)RU\TPU\subj\73363  |9 86395 
610 1 |a каталоги 
610 1 |a жидкокристаллические материалы 
610 1 |a сорбенты 
610 1 |a индикаторы 
610 1 |a фотохимия 
675 |a 54-4(085)  |v 3 
675 |a 543-4(085)  |v 3 
701 1 |a Ливенсон  |b Б. Б. 
701 1 |a Медведская  |b И. А. 
701 1 |a Кузнецова  |b Ю. С. 
701 1 |a Абхази  |b Н. Л. 
701 1 |a Ротенштейн  |b М. М. 
712 0 2 |a Союзреактив 
801 1 |a RU  |b 63413507  |c 20070329  |g PSBO 
801 2 |a RU  |b 63413507  |c 20140917  |g PSBO 
942 |c BK